<?xml version='1.0' encoding='UTF-8'?>
  <record xmlns="http://www.loc.gov/MARC21/slim">
    <leader>00000cam a2200000 i 4500</leader>
    <controlfield tag="001">ocm64854844</controlfield>
    <controlfield tag="003">OCoLC</controlfield>
    <controlfield tag="005">20240614141033.9</controlfield>
    <controlfield tag="008">881201s1642    ne            000 0 dut d</controlfield>
    <datafield tag="040" ind1=" " ind2=" ">
      <subfield code="a">NLGGC</subfield>
      <subfield code="b">dut</subfield>
      <subfield code="e">fobidrtb</subfield>
      <subfield code="c">NLGGC</subfield>
      <subfield code="d">L2U</subfield>
      <subfield code="d">NLMVD</subfield>
      <subfield code="d">NLRIJ</subfield>
      <subfield code="d">OCLCO</subfield>
      <subfield code="d">OCLCL</subfield>
      <subfield code="d">OCLCQ</subfield>
    </datafield>
    <datafield tag="066" ind1=" " ind2=" ">
      <subfield code="c">(S</subfield>
    </datafield>
    <datafield tag="029" ind1="0" ind2=" ">
      <subfield code="a">NLGGC</subfield>
      <subfield code="b">050259121</subfield>
    </datafield>
    <datafield tag="035" ind1=" " ind2=" ">
      <subfield code="a">(OCoLC)64854844</subfield>
    </datafield>
    <datafield tag="041" ind1="1" ind2=" ">
      <subfield code="a">dut</subfield>
      <subfield code="h">lat</subfield>
    </datafield>
    <datafield tag="100" ind1="1" ind2=" ">
      <subfield code="a">Abelin, Johann Philipp,</subfield>
      <subfield code="d">-1643.</subfield>
      <subfield code="1">https://id.oclc.org/worldcat/entity/E39PCjJKHWvQTbDBR6kDdRq8yb</subfield>
    </datafield>
    <datafield tag="245" ind1="1" ind2="0">
      <subfield code="a">Historis oft waerachtich verhael van den gantschen toestant van oorlooge, soo die ghevoert is in Duytschlandt, door den grootmachtichsten en onverwinnelicksten koningh Gustavus Adolphus, conink der Sweeden, &amp;c. :</subfield>
      <subfield code="b">waer in de overwinninge der steden en sterckten in Duytschlandt, belegeringen, veldtslagen, nieuwe gemaeckte sterckten en fortressen, verbonden en naburige geschiedenissen beschreven en met kopere platen (meest door Matheo Meriaen geteeckent) afgebeelt worden. /</subfield>
      <subfield code="c">nu in 't Nederduytsch uytgegeven door Cornelis Danckaertz.</subfield>
    </datafield>
    <datafield tag="260" ind1=" " ind2=" ">
      <subfield code="a">t'Amsterdam, :</subfield>
      <subfield code="b">gedruckt voor Cornelis Danckaertz, boeck, caert, en kunst-verkoper#in de Calverstraet#,</subfield>
      <subfield code="c">1642.</subfield>
    </datafield>
    <datafield tag="300" ind1=" " ind2=" ">
      <subfield code="a">[X], 208, 184, 202, [14] p. :</subfield>
      <subfield code="b">ill. ;</subfield>
      <subfield code="c">in-2.</subfield>
    </datafield>
    <datafield tag="336" ind1=" " ind2=" ">
      <subfield code="a">tekst</subfield>
      <subfield code="b">txt</subfield>
      <subfield code="2">rdacontent/dut</subfield>
    </datafield>
    <datafield tag="337" ind1=" " ind2=" ">
      <subfield code="a">zonder medium</subfield>
      <subfield code="b">n</subfield>
      <subfield code="2">rdamedia/dut</subfield>
    </datafield>
    <datafield tag="338" ind1=" " ind2=" ">
      <subfield code="a">band</subfield>
      <subfield code="b">nc</subfield>
      <subfield code="2">rdacarrier/dut</subfield>
    </datafield>
    <datafield tag="500" ind1=" " ind2=" ">
      <subfield code="a">[pi] 2  (A) 2  [*] 1  2* 2  A-2C 4  [2]A-Z 4  [3]A-2C 4  [4]B-C 2.</subfield>
    </datafield>
    <datafield tag="500" ind1=" " ind2=" ">
      <subfield code="a">Auteur is: Johann Philipp Abelin.</subfield>
    </datafield>
    <datafield tag="500" ind1=" " ind2=" ">
      <subfield code="a">Vert. uit het Latijn van: Theatrum Europaeum.</subfield>
    </datafield>
    <datafield tag="504" ind1=" " ind2=" ">
      <subfield code="a">Met gegrav. titelbl., 51 gegrav. (deels uitslaande) platen en kaarten, talrijke gravures in de tekst en gegrav. portretten.</subfield>
    </datafield>
    <datafield tag="504" ind1=" " ind2=" ">
      <subfield code="a">Met reg.</subfield>
    </datafield>
    <datafield tag="530" ind1=" " ind2=" ">
      <subfield code="a">Titel is geselecteerd voor digitalisering voor de Universiteit van Amsterdam in het kader van het Google Books-project.</subfield>
    </datafield>
    <datafield tag="600" ind1="0" ind2="4">
      <subfield code="a">Gustav Adolf</subfield>
      <subfield code="b">II,</subfield>
      <subfield code="c">koning van Zweden,</subfield>
      <subfield code="d">1594-1632.</subfield>
      <subfield code="0">(NL-LeOCL)070529957</subfield>
    </datafield>
    <datafield tag="600" ind1="1" ind2="7">
      <subfield code="a">Gustav Adolf</subfield>
      <subfield code="b">II,</subfield>
      <subfield code="c">koning van Zweden,</subfield>
      <subfield code="d">1594-1632.</subfield>
      <subfield code="0">(NL-LeOCL)070529957</subfield>
      <subfield code="2">nta</subfield>
    </datafield>
    <datafield tag="700" ind1="1" ind2=" ">
      <subfield code="a">Danckertsz, Cornelis,</subfield>
      <subfield code="d">1603-1656.</subfield>
      <subfield code="1">https://id.oclc.org/worldcat/entity/E39PBJptWcwF7hp8pHD3y8cF8C</subfield>
    </datafield>
    <datafield tag="700" ind1="1" ind2=" ">
      <subfield code="a">Merian, Matthaeus,</subfield>
      <subfield code="c">de oude,</subfield>
      <subfield code="d">1593-1650.</subfield>
      <subfield code="1">https://id.oclc.org/worldcat/entity/E39PBJwmTr7BpgBfhXymdvD8YP</subfield>
    </datafield>
    <datafield tag="710" ind1="0" ind2=" ">
      <subfield code="a">Danckertsz, Cornelis (I, Amsterdam)</subfield>
      <subfield code="4">prt</subfield>
      <subfield code="0">(NL-LeOCL)077163346</subfield>
    </datafield>
    <datafield tag="787" ind1="1" ind2="8">
      <subfield code="i">Kaarten:'Nova EUROPAE de scriptio; Auctore Cornelis Dankertz,1643', 'GERMANIÆ Nova ac accvrata descriptio... [3-zijdige rand:</subfield>
      <subfield code="t">stadsaanzichten en klederdrachten]','Nobilis Fluvius ALBIS [Elbe]...; Ioanne Ianssonio,Amstelodami','BRANDEBVRGVM MARCHIONATVS cum Ducatibus Pomeraniæ et Meklenbvrgi', 'Franconia ducatus', 'Silesiæ Ducatvs',</subfield>
    </datafield>
    <datafield tag="880" ind1=" " ind2=" ">
      <subfield code="6">500-00/(S</subfield>
      <subfield code="a">π 2 (A) 2 [*] 1 2* 2 A-2C 4 [2]A-Z 4 [3]A-2C 4 [4]B-C 2.</subfield>
    </datafield>
    <datafield tag="936" ind1=" " ind2=" ">
      <subfield code="a">BATCHLOAD</subfield>
    </datafield>
  </record>